01250nam a2200205Ia 4500008004100000020002200041020001900063050002400082100003600106240006000142245012300202250002000325260003500345300004900380500007100429505045500500650001800955700002600973700004500999120626s2008 mx d 000 0 spa d a13: 9789706868350 a10: 9706868350 aQA276.12 bJ65 2008 aJohnson, Robert d, 1939eautor aJust the essentials of elementary statisticslespañol aEstadística elementalb : lo esencial c / Robert Johnson, Patricia Kuby ; traducción Jorge Humberto Romo Muñoz a10a. edición  aMéxico b : Cengage c, 2008 axxviii, 725 páginasb : gráficas, tablas aIncluye: apéndices (pp. 656-679) Incluye: índice (pp. 721-725) aEstadística Análisis descriptivo y presentación de datos de una sola variable (univariados) Análisis descriptivo y presentación de datos bivariados Probabilidad Distribuciones de probabilidad (variables discretas) Distribuciones de probabilidad norma Variabilidad de la muestra Introducción a la inferencia estadística Inferencias que involucran a una población Inferencias que involucran a dos poblaciones Aplicación de Ji cuadrada aESTADÍSTICA aKuby, Patriciaeautor aRomo Muñoz, Jorge Humberto etraductor